| 000 | 00463nam a2200169 i 4500 | ||
|---|---|---|---|
| 001 | 116730 | ||
| 003 | ES-MaACL | ||
| 005 | 20230906190746.0 | ||
| 007 | t| | ||
| 008 | 061121q19201929it r ||||1| ita d | ||
| 080 | _a821.131.1-1"18" | ||
| 100 | 1 |
_aPascoli, Giovanni. _989333 |
|
| 245 | 1 | 0 |
_aCanti di Castelvecchio / _cpor Giovanni Pascoli. |
| 260 |
_aBologna : _b[s.n., _c192?] ( _fA. Caceiari) |
||
| 300 |
_aXV, 253 p. ; _c23 cm. |
||
| 852 |
_aES-MaACL _jF-6039 |
||
| 999 |
_c116730 _d116730 |
||